000 00864nam a2200265 i 4500
003 DO-SdBNP
005 20250220101217.0
007 ta
008 250220b2013 dr ||||| |||| 00| 0 spa d
020 _a9789945130973
040 _aDO-SdBNP
_bspa
_cBNPHU
_erda
082 4 _axxx
_bN714p
_222
100 1 _aNina, Juan B.,
_d1959-
_eautor
_4aut.
_q(Juan Bautista)
_99246
245 1 0 _aPoemas dominicanos desde la Colonia hasta hoy /
_cJuan B. Nina
250 _aprimera edición
264 1 _aSanto Domingo :
_bEditora Talleres Gráficos Antillas,
_c2013.
300 _a249 páginas ;
_c21 cm.
336 _atexto
_btxt
_2rdacontent
337 _asin mediación
_bn
_2rdamedia
338 _avolumen
_bnc
_2rdacarrier
500 _aIncluye datos biográficos del autor en la contracubierta
590 _aInventariado, 2025/BT
910 _aBtavárez
942 _2ddc
_cLBS1
999 _c58150
_d58150